[Event "Solidarity ISR-UKR m"]
[Site "Tornelo INT"]
[Date "2022.03.21"]
[Round "1.4"]
[White "Zubov, Alexander"]
[Black "Golod, Vitali"]
[Result "1-0"]
[WhiteElo "2598"]
[BlackElo "2507"]
[PlyCount "117"]
[EventDate "2022.03.21"]
[EventType "team-match"]
[EventRounds "2"]
[EventCountry "UKR"]
[SourceTitle "CBM 207 Extra"]
[Source "ChessBase"]
[SourceDate "2022.05.31"]
[SourceVersion "1"]
[SourceVersionDate "2022.05.31"]
[SourceQuality "1"]
[WhiteTeam "Ukraine"]
[BlackTeam "Israel"]
[WhiteTeamCountry "UKR"]
[BlackTeamCountry "ISR"]

1. d4 Nf6 2. c4 e6 3. Nc3 d5 4. cxd5 Nxd5 5. Nf3 c5 6. e3 Nc6 7. Bc4 cxd4 8. exd4 Be7 9. 0-0 0-0 10. Re1 Nf6 11. a3 b6 12. Ba2 Bb7 13. Qd3 Rc8 14. Bf4 Nh5 15. Be3 g6 16. Rad1 Bf6 17. d5 Bxc3 18. dxc6 Qxd3 19. Rxd3 Bxe1 20. cxb7 Rb8 21. Nxe1 Rxb7 22. Nf3 Rc7 23. Bb3 Nf6 24. h3 Rd7 25. Rc3 Ne4 26. Rc4 Nc5 27. Bc2 Nd3 28. Bxd3 Rxd3 29. Rc7 Rfd8 30. Ne5 R3d5 31. Nxf7 R8d7 32. Nh6+ Kg7 33. Rc8 Rd8 34. Rc2 g5 35. Ng4 h5 36. Nh2 Rd1+ 37. Nf1 Re1 38. Bd2 Rb1 39. g4 hxg4 40. hxg4 Kg6 41. Kg2 Rd5 42. Nh2 Rc5 43. Bc3 Rd1 44. Re2 Kf7 45. Nf3 a5 46. Re3 Rdd5 47. Kg3 Ke7 48. Ne5 Rd1 49. Kg2 Rb1 50. Rh3 Kd6 51. Nf7+ Kc6 52. Rh6 Kd5 53. Nxg5 Rc4 54. f3 b5 55. Bxa5 Rxb2+ 56. Kg3 e5 57. Ne4 Rcc2 58. Rd6+ Kc4 59. Bb4 1-0

[Event "Titled Tuesday intern op 08th Feb Early"]
[Site "Chess.com INT"]
[Date "2022.02.08"]
[Round "10"]
[White "Zubov, Alexander"]
[Black "Atakhan, Abtin"]
[Result "1-0"]
[WhiteElo "2598"]
[BlackElo "2357"]
[PlyCount "83"]
[EventDate "2022.02.08"]
[EventType "swiss (blitz)"]
[EventRounds "11"]
[EventCountry "USA"]
[SourceTitle "CBM 206 Extra"]
[Source "ChessBase"]
[SourceDate "2022.03.31"]
[SourceVersion "1"]
[SourceVersionDate "2022.03.31"]
[SourceQuality "1"]

1. d4 d5 2. c4 c6 3. Nf3 Nf6 4. Nc3 a6 5. c5 Bf5 6. Bf4 Nbd7 7. h3 e6 8. e3 Be7 9. Bd3 Bxd3 10. Qxd3 0-0 11. 0-0 Qc8 12. b4 Bd8 13. Bd6 Re8 14. Ne5 Bc7 15. Bxc7 Qxc7 16. f4 b5 17. a4 Qb7 18. Ra3 Reb8 19. Rfa1 Qc8 20. R1a2 Nxe5 21. fxe5 Nd7 22. e4 a5 23. axb5 axb4 24. Rxa8 Rxa8 25. Rxa8 Qxa8 26. bxc6 Qxc6 27. exd5 exd5 28. Ne2 f6 29. e6 Qxe6 30. Qb5 Nf8 31. Kf2 Qf5+ 32. Ke3 Qb1 33. c6 Qb3+ 34. Kf2 Ne6 35. Qb8+ Kf7 36. c7 Nxc7 37. Qxc7+ Kg8 38. Qc8+ Kf7 39. Qd7+ Kf8 40. Nf4 Qb2+ 41. Kg3 Qc3+ 42. Kh2 1-0

[Event "Titled Tuesday intern op 08th Feb Early"]
[Site "Chess.com INT"]
[Date "2022.02.08"]
[Round "5"]
[White "Zubov, Alexander"]
[Black "Lodici, Lorenzo"]
[Result "0-1"]
[WhiteElo "2598"]
[BlackElo "2537"]
[PlyCount "90"]
[EventDate "2022.02.08"]
[EventType "swiss (blitz)"]
[EventRounds "11"]
[EventCountry "USA"]
[SourceTitle "CBM 206 Extra"]
[Source "ChessBase"]
[SourceDate "2022.03.31"]
[SourceVersion "1"]
[SourceVersionDate "2022.03.31"]
[SourceQuality "1"]

1. d4 Nf6 2. c4 b6 3. f3 Nc6 4. Nc3 d5 5. cxd5 Nxd5 6. e4 Nxc3 7. bxc3 e5 8. Bb5 Bd7 9. Ne2 Bd6 10. Qa4 Na5 11. f4 exf4 12. e5 Be7 13. Nxf4 a6 14. Bxd7+ Qxd7 15. Qc2 c6 16. 0-0 0-0 17. Be3 Nc4 18. Rae1 Rae8 19. Bc1 Bd8 20. Rf3 f5 21. Ref1 b5 22. Kh1 g6 23. Rg3 Rf7 24. e6 Rxe6 25. Nxe6 Qxe6 26. Bf4 Bf6 27. h3 Re7 28. Rgf3 g5 29. Bc1 f4 30. Kg1 c5 31. dxc5 Qd5 32. Qf2 Re4 33. Re1 Rxe1+ 34. Qxe1 Qxc5+ 35. Kh1 Kf7 36. Rd3 Qf5 37. Qe2 Ne5 38. Rd1 f3 39. Qf2 g4 40. Rf1 gxh3 41. gxf3 Nd3 42. Qa7+ Ke6 43. Be3 Be5 44. Qxa6+ Bd6 45. Qc6 Qd5 0-1

[Event "Titled Tuesday intern op 08th Feb Early"]
[Site "Chess.com INT"]
[Date "2022.02.08"]
[Round "8"]
[White "Zubov, Alexander"]
[Black "Potapova, Margarita"]
[Result "1-0"]
[WhiteElo "2598"]
[BlackElo "2257"]
[PlyCount "75"]
[EventDate "2022.02.08"]
[EventType "swiss (blitz)"]
[EventRounds "11"]
[EventCountry "USA"]
[SourceTitle "CBM 206 Extra"]
[Source "ChessBase"]
[SourceDate "2022.03.31"]
[SourceVersion "1"]
[SourceVersionDate "2022.03.31"]
[SourceQuality "1"]

1. d4 Nf6 2. c4 e6 3. Nc3 Bb4 4. e3 0-0 5. Nge2 d5 6. a3 Bd6 7. Ng3 c5 8. dxc5 Bxc5 9. b4 Be7 10. cxd5 Nxd5 11. Nxd5 Qxd5 12. Qxd5 exd5 13. Bb2 a5 14. b5 Be6 15. Nh5 f6 16. Be2 Nd7 17. Nf4 Bf7 18. Bf3 Nc5 19. Nxd5 Nd3+ 20. Ke2 Nxb2 21. Nxe7+ Kh8 22. Rhb1 Na4 23. Rc1 Rfe8 24. Rc7 Rad8 25. Bxb7 Nb6 26. Bc6 Bc4+ 27. Kf3 Rf8 28. Rc1 Be6 29. Ra7 Nc4 30. a4 Ne5+ 31. Kg3 Nd3 32. Rc3 Nb2 33. b6 Rb8 34. b7 Nc4 35. Rxc4 Bxc4 36. Rxa5 Rf7 37. Ra8 Rff8 38. Nc8 1-0

[Event "Titled Tuesday intern op 21st Dec"]
[Site "Chess.com INT"]
[Date "2021.12.21"]
[Round "5"]
[White "Rasulov, Vugar Ural Oglu"]
[Black "Zubov, Alexander"]
[Result "1/2-1/2"]
[WhiteElo "2453"]
[BlackElo "2598"]
[PlyCount "99"]
[EventDate "2021.12.21"]
[EventType "swiss (blitz)"]
[EventRounds "11"]
[EventCountry "USA"]
[SourceTitle "CBM 205 Extra"]
[Source "ChessBase"]
[SourceDate "2022.01.31"]
[SourceVersion "1"]
[SourceVersionDate "2022.01.31"]
[SourceQuality "1"]

1. d4 Nf6 2. c4 g6 3. Nc3 d5 4. h4 c6 5. cxd5 cxd5 6. Bf4 Nc6 7. e3 Bg7 8. Be2 h6 9. Nf3 0-0 10. Ne5 Nd7 11. Nxd7 Qxd7 12. Rc1 Rd8 13. h5 g5 14. Bg3 e5 15. dxe5 d4 16. exd4 Nxd4 17. 0-0 Qe7 18. Bg4 Be6 19. Bxe6 Qxe6 20. Re1 Rac8 21. Ne4 Rxc1 22. Qxc1 Qxa2 23. Qc7 Qd5 24. Nf6+ Bxf6 25. exf6 Nf5 26. Kh2 Nxg3 27. fxg3 g4 28. Re5 Qd7 29. Qxd7 Rxd7 30. Re8+ Kh7 31. Re7 Rd5 32. Rxf7+ Kg8 33. Rxb7 Rxh5+ 34. Kg1 a5 35. Rg7+ Kf8 36. Rxg4 Rb5 37. Rh4 h5 38. g4 hxg4 39. Rxg4 Kf7 40. Kh2 Rxb2 41. Rf4 Rb6 42. Ra4 Ra6 43. Kg3 Kxf6 44. Kf4 Ke6 45. Ke4 Kd7 46. Kd5 Rg6 47. Kc5 Rxg2 48. Rxa5 Rg5+ 49. Kb6 Rxa5 50. Kxa5 1/2-1/2

[Event "Titled Tuesday intern op 21st Dec"]
[Site "Chess.com INT"]
[Date "2021.12.21"]
[Round "4"]
[White "Zubov, Alexander"]
[Black "Tsvetkov, Andrey1111"]
[Result "1-0"]
[WhiteElo "2598"]
[BlackElo "2384"]
[PlyCount "75"]
[EventDate "2021.12.21"]
[EventType "swiss (blitz)"]
[EventRounds "11"]
[EventCountry "USA"]
[SourceTitle "CBM 205 Extra"]
[Source "ChessBase"]
[SourceDate "2022.01.31"]
[SourceVersion "1"]
[SourceVersionDate "2022.01.31"]
[SourceQuality "1"]

1. d4 d5 2. c4 e6 3. Nf3 Nf6 4. Nc3 c6 5. Bg5 h6 6. Bh4 Nbd7 7. e3 Be7 8. Rc1 0-0 9. Bd3 dxc4 10. Bxc4 b5 11. Bd3 Bb7 12. 0-0 a6 13. a4 b4 14. Bxf6 Nxf6 15. Ne4 Nxe4 16. Bxe4 Rc8 17. Ne5 Qd6 18. Qe2 Rfd8 19. Qh5 Rf8 20. Qf3 Bf6 21. Nd3 e5 22. dxe5 Bxe5 23. Rfd1 Qf6 24. b3 a5 25. Rc5 Qxf3 26. Bxf3 Bc3 27. Rxa5 Rfd8 28. Kf1 Rc7 29. Ra7 Rcd7 30. Ke2 g5 31. g4 Be5 32. Bxc6 Rxd3 33. Rxd3 Rxd3 34. Rxb7 Rxb3 35. Bd5 Rb2+ 36. Kf3 Bxh2 37. a5 Bd6 38. a6 1-0

[Event "Titled Tuesday intern op 14th Dec"]
[Site "Chess.com INT"]
[Date "2021.12.14"]
[Round "3"]
[White "Matinian, Nikita"]
[Black "Zubov, Alexander"]
[Result "1-0"]
[WhiteElo "2454"]
[BlackElo "2598"]
[PlyCount "43"]
[EventDate "2021.12.14"]
[EventType "swiss (blitz)"]
[EventRounds "11"]
[EventCountry "USA"]
[SourceTitle "EXT 2023"]
[Source "ChessBase"]
[SourceDate "2022.10.05"]
[SourceVersion "1"]
[SourceVersionDate "2022.10.05"]
[SourceQuality "1"]

1. e4 c5 2. Nc3 e6 3. f4 d5 4. Nf3 Nc6 5. Bb5 Nge7 6. 0-0 a6 7. Bxc6+ Nxc6 8. d3 Be7 9. Qe1 d4 10. Nd1 0-0 11. Qg3 f5 12. Nf2 b5 13. Bd2 Bb7 14. Rae1 Qd7 15. h4 Rae8 16. h5 Bd8 17. Qh3 Bc7 18. h6 g6 19. Ng5 e5 20. exf5 Qxf5 21. Nfe4 Qxf4 22. Bxf4 1-0

[Event "Titled Tuesday intern op 14th Dec"]
[Site "Chess.com INT"]
[Date "2021.12.14"]
[Round "4"]
[White "Zubov, Alexander"]
[Black "Petesch, Gabriel N"]
[Result "1-0"]
[WhiteElo "2598"]
[BlackElo "2330"]
[PlyCount "55"]
[EventDate "2021.12.14"]
[EventType "swiss (blitz)"]
[EventRounds "11"]
[EventCountry "USA"]
[SourceTitle "EXT 2023"]
[Source "ChessBase"]
[SourceDate "2022.10.05"]
[SourceVersion "1"]
[SourceVersionDate "2022.10.05"]
[SourceQuality "1"]

1. d4 Nf6 2. c4 e6 3. Nc3 d5 4. cxd5 Nxd5 5. Nf3 Be7 6. e3 c5 7. Bc4 0-0 8. 0-0 Nc6 9. a3 cxd4 10. exd4 Nxc3 11. bxc3 Bd7 12. Qd3 Rc8 13. Bb3 Bf6 14. Bc2 g6 15. Bh6 Re8 16. Rfe1 Qa5 17. h4 e5 18. Bb3 Bf5 19. Qe3 Qb6 20. Ba2 Qc7 21. Ng5 Bxg5 22. hxg5 Qd7 23. d5 Na5 24. Qxa7 Nc4 25. Bxc4 Rxc4 26. Rac1 Rg4 27. f3 Rg3 28. Qf2 1-0

[Event "Titled Tuesday intern op 23rd Nov"]
[Site "Chess.com INT"]
[Date "2021.11.23"]
[Round "4"]
[White "Bilych, Olexiy"]
[Black "Zubov, Alexander"]
[Result "1-0"]
[WhiteElo "2348"]
[BlackElo "2598"]
[PlyCount "83"]
[EventDate "2021.11.23"]
[EventType "swiss (blitz)"]
[EventRounds "11"]
[EventCountry "USA"]
[SourceTitle "CBM 205 Extra"]
[Source "ChessBase"]
[SourceDate "2022.01.31"]
[SourceVersion "1"]
[SourceVersionDate "2022.01.31"]
[SourceQuality "1"]

1. e4 c5 2. Nf3 e6 3. c3 Nf6 4. e5 Nd5 5. d4 cxd4 6. Qxd4 Nc6 7. Qe4 d6 8. Bb5 dxe5 9. Nxe5 Bd7 10. Nxd7 Qxd7 11. 0-0 a6 12. Ba4 Be7 13. Bc2 f5 14. Qe2 0-0 15. Re1 Rf6 16. Nd2 e5 17. Nc4 e4 18. Rd1 Rd8 19. Bb3 Kh8 20. Nb6 Nxb6 21. Rxd7 Nxd7 22. Bg5 Rd6 23. Bxe7 Nxe7 24. Rd1 Nf6 25. Rxd6 Rxd6 26. g3 Nc6 27. Qc4 h6 28. Qc5 Rd2 29. Qxf5 Rxb2 30. Qc8+ Kh7 31. Be6 Ne5 32. Bf5+ Ng6 33. h4 h5 34. Qe6 Kh6 35. Qf7 Ne5 36. Qf8 Ng6 37. Qc5 Rxa2 38. Qe3+ Kh7 39. Qg5 Kg8 40. Be6+ Kf8 41. Bxa2 Ke7 42. Qxg6 1-0

[Event "Titled Tuesday intern op 23rd Nov"]
[Site "Chess.com INT"]
[Date "2021.11.23"]
[Round "1"]
[White "Obolentseva, Alexandra"]
[Black "Zubov, Alexander"]
[Result "1/2-1/2"]
[WhiteElo "2305"]
[BlackElo "2598"]
[PlyCount "171"]
[EventDate "2021.11.23"]
[EventType "swiss (blitz)"]
[EventRounds "11"]
[EventCountry "USA"]
[SourceTitle "CBM 205 Extra"]
[Source "ChessBase"]
[SourceDate "2022.01.31"]
[SourceVersion "1"]
[SourceVersionDate "2022.01.31"]
[SourceQuality "1"]

1. d4 Nf6 2. c4 g6 3. Nc3 d5 4. Nf3 Bg7 5. Qb3 dxc4 6. Qxc4 Be6 7. Qb5+ Bd7 8. Qxb7 Nc6 9. Qb3 Rb8 10. Qd1 Bf5 11. a3 e5 12. dxe5 Qxd1+ 13. Nxd1 Ne4 14. e3 Nc5 15. Bc4 Na5 16. b4 Ncb3 17. Bxb3 Nxb3 18. Bb2 Nxa1 19. Bxa1 Bd3 20. Bd4 0-0 21. Nb2 Be4 22. Bxa7 Ra8 23. Bc5 Rfd8 24. Nc4 Bd5 25. Nfd2 Bxg2 26. Rg1 Bc6 27. Na5 Bb5 28. f4 Rd3 29. Nb1 Bf8 30. Bxf8 Kxf8 31. Kf2 Rad8 32. Rc1 Rd1 33. Rxd1 Rxd1 34. Nc3 Rf1+ 35. Kg2 Bd3 36. Nb3 Re1 37. Kf2 Rf1+ 38. Kg2 g5 39. Nc5 Bc4 40. fxg5 Rf5 41. N3e4 Ke7 42. Kg3 Rxe5 43. Kf4 Rd5 44. Nf6 Rd2 45. Nxh7 Rxh2 46. Nf6 Ra2 47. a4 Rb2 48. b5 Be6 49. Nfe4 Bd5 50. Nf6 Be6 51. Ke5 Re2 52. e4 Rg2 53. Nxe6 fxe6 54. Kf4 Rf2+ 55. Ke5 Rg2 56. Kf4 Ra2 57. Ng8+ Kf7 58. Nh6+ Kg7 59. Ng4 Rxa4 60. Ke5 Kf7 61. Nh6+ Kg6 62. Kxe6 Rxe4+ 63. Kd5 Re1 64. Kc6 Rc1+ 65. Kd7 Rc5 66. Ng8 Kxg5 67. Ne7 Kf6 68. Nc6 Rxb5 69. Kxc7 Rd5 70. Nd8 Rd1 71. Kc8 Rc1+ 72. Kd7 Rd1+ 73. Ke8 Rd6 74. Nf7 Re6+ 75. Kf8 Re1 76. Nd8 Re7 77. Nc6 Rc7 78. Nd8 Rd7 79. Ke8 Re7+ 80. Kf8 Re1 81. Nf7 Ra1 82. Nd8 Ra7 83. Ke8 Re7+ 84. Kf8 Rd7 85. Ke8 Rxd8+ 86. Kxd8 1/2-1/2

[Event "Titled Tuesday intern op 23rd Nov"]
[Site "Chess.com INT"]
[Date "2021.11.23"]
[Round "3"]
[White "Zubov, Alexander"]
[Black "Sala, Giulia"]
[Result "1-0"]
[WhiteElo "2598"]
[BlackElo "1921"]
[PlyCount "47"]
[EventDate "2021.11.23"]
[EventType "swiss (blitz)"]
[EventRounds "11"]
[EventCountry "USA"]
[SourceTitle "CBM 205 Extra"]
[Source "ChessBase"]
[SourceDate "2022.01.31"]
[SourceVersion "1"]
[SourceVersionDate "2022.01.31"]
[SourceQuality "1"]

1. d4 Nf6 2. c4 g6 3. Nc3 Bg7 4. e4 d6 5. Nf3 0-0 6. Be2 e5 7. d5 Nbd7 8. Be3 a5 9. Nd2 Nc5 10. h4 h5 11. f3 Nh7 12. g4 f5 13. exf5 gxf5 14. g5 f4 15. Bxc5 dxc5 16. Nde4 b6 17. d6 cxd6 18. Qd5+ Kh8 19. Qxa8 b5 20. Nxb5 Qb6 21. Qd5 Bb7 22. Qxd6 Qa6 23. Qxa6 Bxa6 24. 0-0-0 1-0

[Event "Titled Tuesday intern op 16th Nov"]
[Site "Chess.com INT"]
[Date "2021.11.16"]
[Round "2"]
[White "Pakhomov, Egor"]
[Black "Zubov, Alexander"]
[Result "1/2-1/2"]
[WhiteElo "2444"]
[BlackElo "2598"]
[PlyCount "135"]
[EventDate "2021.11.16"]
[EventType "swiss (blitz)"]
[EventRounds "11"]
[EventCountry "USA"]
[SourceTitle "CBM 205 Extra"]
[Source "ChessBase"]
[SourceDate "2022.01.31"]
[SourceVersion "1"]
[SourceVersionDate "2022.01.31"]
[SourceQuality "1"]

1. d4 d5 2. Nf3 Nf6 3. c4 e6 4. Nc3 Be7 5. g3 dxc4 6. Ne5 c5 7. dxc5 Qc7 8. Nxc4 Qc6 9. e4 0-0 10. Bg2 Qxc5 11. Qe2 Nc6 12. Be3 Nd4 13. Bxd4 Qxd4 14. Rd1 Qc5 15. e5 Nd7 16. 0-0 Rb8 17. Ne4 Qb5 18. b3 Nb6 19. Ned6 Bxd6 20. Rxd6 Nxc4 21. bxc4 Qc5 22. h4 b6 23. h5 h6 24. Rc6 Qe7 25. Rd1 Bb7 26. Rcd6 Bxg2 27. Kxg2 Rb7 28. R1d4 Rc7 29. f4 Qe8 30. Qd3 Qa8+ 31. Kh2 Qb7 32. Rd8 Rc8 33. Rxf8+ Rxf8 34. Rd8 Qc7 35. Rxf8+ Kxf8 36. Qh7 Qxc4 37. Qh8+ Ke7 38. Qxg7 Qe2+ 39. Kg1 Qxh5 40. Qf6+ Kd7 41. Kf2 Qg6 42. Qh8 Qc2+ 43. Kg1 Qb1+ 44. Kg2 Qxa2+ 45. Kh3 Qe2 46. Qf8 Qh5+ 47. Kg2 Qe2+ 48. Kh3 Qh5+ 49. Kg2 Kc6 50. Qd6+ Kb5 51. Qd3+ Kc5 52. Qc3+ Kd5 53. Qd3+ Kc6 54. Qd6+ Kb5 55. Qd3+ Kb4 56. Qd4+ Kb3 57. Qd3+ Kb2 58. Qd2+ Kb1 59. Qd3+ Kc1 60. Qc3+ Kd1 61. Qd3+ Ke1 62. Qc3+ Ke2 63. Qc2+ Ke1 64. Qc3+ Kd1 65. Qd3+ Kc1 66. Qc3+ Kb1 67. Qb3+ Kc1 68. Qc3+ 1/2-1/2

[Event "Titled Tuesday intern op 16th Nov"]
[Site "Chess.com INT"]
[Date "2021.11.16"]
[Round "7"]
[White "Sadhwani, Raunak"]
[Black "Zubov, Alexander"]
[Result "0-1"]
[WhiteElo "2609"]
[BlackElo "2598"]
[PlyCount "134"]
[EventDate "2021.11.16"]
[EventType "swiss (blitz)"]
[EventRounds "11"]
[EventCountry "USA"]
[SourceTitle "CBM 205 Extra"]
[Source "ChessBase"]
[SourceDate "2022.01.31"]
[SourceVersion "1"]
[SourceVersionDate "2022.01.31"]
[SourceQuality "1"]

1. c4 c5 2. Nc3 g6 3. Nf3 Bg7 4. e3 Nf6 5. d4 cxd4 6. exd4 d5 7. Bg5 0-0 8. Bxf6 exf6 9. Nxd5 Bg4 10. Be2 Nc6 11. Ne3 Bxf3 12. Bxf3 Nxd4 13. 0-0 f5 14. Rb1 Rb8 15. Bd5 b5 16. Nc2 bxc4 17. Bxc4 Qc7 18. b3 Rfd8 19. Nxd4 Rxd4 20. Qe2 Rbd8 21. Rbd1 h5 22. Rxd4 Bxd4 23. Rd1 Qf4 24. Re1 Kg7 25. g3 Qc7 26. Rd1 f4 27. Qf3 fxg3 28. hxg3 Qe7 29. Kg2 Rd6 30. Qe2 Qxe2 31. Bxe2 Bc5 32. Rc1 Bb6 33. Rc2 f5 34. b4 Rd4 35. Bc4 f4 36. a4 fxg3 37. a5 Bd8 38. fxg3 Kh6 39. Bf7 Rxb4 40. Rc6 Rg4 41. a6 Bb6 42. Kf3 Rg5 43. Be8 Kg7 44. Kf4 Rf5+ 45. Ke4 Rg5 46. Kf4 Rg4+ 47. Kf3 Bd4 48. Rd6 Rxg3+ 49. Ke4 Rg4+ 50. Kd5 Bf2 51. Rd7+ Kh6 52. Kc6 Rb4 53. Rd6 Rb6+ 54. Kd5 Rxd6+ 55. Kxd6 g5 56. Ke5 g4 57. Kf4 Bc5 58. Bc6 Bd6+ 59. Ke3 Kg5 60. Kf2 h4 61. Kg2 h3+ 62. Kf2 Kh4 63. Bb7 Bc5+ 64. Kf1 g3 65. Bc6 Kg5 66. Bd5 Kf6 67. Bc6 Ke5 0-1

[Event "Titled Tuesday intern op 16th Nov"]
[Site "Chess.com INT"]
[Date "2021.11.16"]
[Round "10"]
[White "Zubov, Alexander"]
[Black "Sjugirov, Sanan"]
[Result "1/2-1/2"]
[WhiteElo "2598"]
[BlackElo "2663"]
[PlyCount "135"]
[EventDate "2021.11.16"]
[EventType "swiss (blitz)"]
[EventRounds "11"]
[EventCountry "USA"]
[SourceTitle "CBM 205 Extra"]
[Source "ChessBase"]
[SourceDate "2022.01.31"]
[SourceVersion "1"]
[SourceVersionDate "2022.01.31"]
[SourceQuality "1"]

1. d4 Nf6 2. c4 e6 3. Nc3 Bb4 4. e3 0-0 5. Nge2 d5 6. a3 Be7 7. Ng3 c6 8. b3 Nbd7 9. Bb2 Re8 10. Be2 dxc4 11. bxc4 e5 12. d5 cxd5 13. cxd5 a6 14. a4 Nf8 15. 0-0 Ng6 16. Qb3 Bd6 17. Nce4 Nxe4 18. Nxe4 Bf8 19. Rfd1 Bf5 20. Ng3 Bd7 21. a5 Rb8 22. Ba3 b5 23. Bxf8 Rxf8 24. Ne4 Rc8 25. Qb4 Bf5 26. Ng3 Bd7 27. d6 Be6 28. Rac1 f5 29. h3 Qd7 30. Rc5 Rfd8 31. Bh5 Rxc5 32. Qxc5 Rc8 33. Qb4 Rc4 34. Qb2 Rc5 35. Bxg6 hxg6 36. Qb4 Rc6 37. f4 e4 38. Ne2 Bf7 39. Kh2 Kh7 40. Rd2 Rc4 41. Qb2 Rc6 42. Qe5 b4 43. g4 b3 44. gxf5 gxf5 45. Nd4 Rxd6 46. Rg2 Bg6 47. Qc5 Rd5 48. Qb4 Bf7 49. Qb6 b2 50. Qxb2 Rxa5 51. Qf2 Ra2 52. Qh4+ Kg8 53. Qg5 Rxg2+ 54. Kxg2 Bd5 55. Nxf5 Be6 56. Nd4 Bf7 57. Qe5 Qd5 58. Qb8+ Kh7 59. Qa7 Qa2+ 60. Kg3 Qa3 61. Kf2 Qa2+ 62. Kg3 Qd2 63. Nf5 Qe1+ 64. Kg2 Qe2+ 65. Kg1 Qe1+ 66. Kg2 Qe2+ 67. Kg1 Qe1+ 68. Kg2 1/2-1/2

[Event "Titled Tuesday intern op 16th Nov"]
[Site "Chess.com INT"]
[Date "2021.11.16"]
[Round "8"]
[White "Zubov, Alexander"]
[Black "Sviridov, Valery"]
[Result "1-0"]
[WhiteElo "2598"]
[BlackElo "2562"]
[PlyCount "97"]
[EventDate "2021.11.16"]
[EventType "swiss (blitz)"]
[EventRounds "11"]
[EventCountry "USA"]
[SourceTitle "CBM 205 Extra"]
[Source "ChessBase"]
[SourceDate "2022.01.31"]
[SourceVersion "1"]
[SourceVersionDate "2022.01.31"]
[SourceQuality "1"]

1. d4 g6 2. e4 Bg7 3. Nf3 d6 4. Bc4 e6 5. 0-0 a6 6. a4 b6 7. Re1 Ne7 8. c3 0-0 9. Nbd2 Bb7 10. Bb3 c5 11. Nf1 Nbc6 12. Ng3 cxd4 13. cxd4 Rc8 14. Be3 Na5 15. Bc2 Nc4 16. Bc1 Qd7 17. b3 Na5 18. Ba3 Rfd8 19. Qd2 Rc7 20. Rab1 Rdc8 21. Bd1 Nac6 22. h4 b5 23. axb5 axb5 24. Be2 Ra8 25. Bb2 Na5 26. Bc3 Nac6 27. Bxb5 Qc8 28. Rec1 Ba6 29. Ba4 Na7 30. Ba5 Rxc1+ 31. Rxc1 Qb8 32. Bc7 Qb7 33. Bxd6 Nac8 34. Rc7 Qb6 35. Rxe7 Nxd6 36. Qf4 Rf8 37. Rd7 Nb5 38. Ne5 f6 39. Nc4 Qb8 40. Qxb8 Rxb8 41. d5 exd5 42. exd5 Nc3 43. Na5 Nxa4 44. bxa4 f5 45. Nc6 Rb1+ 46. Kh2 f4 47. Ne4 Bd3 48. Ng5 h6 49. Rd8+ 1-0

[Event "Titled Tuesday intern op 09th Nov"]
[Site "Chess.com INT"]
[Date "2021.11.09"]
[Round "1"]
[White "Havlik, Jan"]
[Black "Zubov, Alexander"]
[Result "0-1"]
[WhiteElo "2386"]
[BlackElo "2598"]
[PlyCount "76"]
[EventDate "2021.11.09"]
[EventType "swiss (blitz)"]
[EventRounds "11"]
[EventCountry "USA"]
[SourceTitle "CBM 205 Extra"]
[Source "ChessBase"]
[SourceDate "2022.01.31"]
[SourceVersion "1"]
[SourceVersionDate "2022.01.31"]
[SourceQuality "1"]

1. e4 Nc6 2. Nf3 d6 3. d4 Nf6 4. Nc3 g6 5. Be3 Bg7 6. Be2 0-0 7. Qd2 e5 8. dxe5 dxe5 9. Qxd8 Rxd8 10. Bg5 Be6 11. Rd1 h6 12. Bxf6 Bxf6 13. Nd5 Bxd5 14. exd5 Nb4 15. c3 Nxd5 16. Bc4 Nb6 17. Bb3 Rxd1+ 18. Kxd1 Kf8 19. Re1 Re8 20. Kc2 Bg7 21. Nd2 f5 22. Nc4 Nc8 23. Rd1 Ke7 24. Ba4 c6 25. Ne3 Nd6 26. f3 h5 27. Bb3 b5 28. a4 Bh6 29. Re1 Bxe3 30. Rxe3 Kd7 31. axb5 cxb5 32. h4 Kc6 33. g3 a5 34. Ba2 e4 35. f4 Rd8 36. Re1 Nc4 37. b3 Rd2+ 38. Kb1 Na3+ 0-1

[Event "Titled Tuesday intern op 09th Nov"]
[Site "Chess.com INT"]
[Date "2021.11.09"]
[Round "7"]
[White "Preotu, Razvan"]
[Black "Zubov, Alexander"]
[Result "1-0"]
[WhiteElo "2473"]
[BlackElo "2598"]
[PlyCount "99"]
[EventDate "2021.11.09"]
[EventType "swiss (blitz)"]
[EventRounds "11"]
[EventCountry "USA"]
[SourceTitle "CBM 205 Extra"]
[Source "ChessBase"]
[SourceDate "2022.01.31"]
[SourceVersion "1"]
[SourceVersionDate "2022.01.31"]
[SourceQuality "1"]

1. e4 c5 2. Nf3 e6 3. c3 Nf6 4. e5 Nd5 5. d4 cxd4 6. cxd4 d6 7. Bc4 Nc6 8. 0-0 Be7 9. Qe2 0-0 10. Nc3 Nxc3 11. bxc3 dxe5 12. dxe5 Qa5 13. Bd2 Rd8 14. Bd3 Qa4 15. h3 Bd7 16. Ng5 h6 17. Bh7+ Kh8 18. Nxf7+ Kxh7 19. Qd3+ g6 20. Qe3 Bf8 21. Nxh6 Bg7 22. Ng4 Be8 23. Qg5 Rxd2 24. Qxd2 Qe4 25. Rfe1 Qf5 26. Qd6 Rd8 27. Qc7 Rd7 28. Qc8 Qf7 29. Rad1 Rc7 30. Qa8 Bd7 31. Rd6 Qe7 32. Red1 Nxe5 33. Nxe5 Bxe5 34. R6d3 b6 35. Qe4 Bf6 36. Qf4 e5 37. Qe3 Be6 38. Rd6 Bxa2 39. g3 Kg7 40. h4 Bf7 41. Qe4 b5 42. Qg4 Rc4 43. Qh3 Rc7 44. Rd7 Rxd7 45. Rxd7 Qe8 46. Rxa7 e4 47. Qg4 Qf8 48. h5 Qe8 49. Qxg6+ Kf8 50. Qxf6 1-0

[Event "Titled Tuesday intern op 09th Nov"]
[Site "Chess.com INT"]
[Date "2021.11.09"]
[Round "4"]
[White "Zubov, Alexander"]
[Black "Obregon, Carlos Andres"]
[Result "1/2-1/2"]
[WhiteElo "2598"]
[BlackElo "2525"]
[PlyCount "172"]
[EventDate "2021.11.09"]
[EventType "swiss (blitz)"]
[EventRounds "11"]
[EventCountry "USA"]
[SourceTitle "CBM 205 Extra"]
[Source "ChessBase"]
[SourceDate "2022.01.31"]
[SourceVersion "1"]
[SourceVersionDate "2022.01.31"]
[SourceQuality "1"]

1. d4 Nf6 2. c4 e6 3. Nf3 d5 4. Nc3 dxc4 5. e4 b5 6. e5 Nd5 7. Nxb5 Nb6 8. a3 Nc6 9. Be3 Na5 10. Qc2 a6 11. Nc3 Be7 12. Rd1 Bb7 13. Be2 Qd7 14. 0-0 h6 15. Nd2 0-0 16. Nde4 Nd5 17. Bc1 Rad8 18. Rfe1 Qc6 19. Nxd5 Rxd5 20. Bf3 Qb6 21. Nc3 Rxd4 22. Be3 Rxd1 23. Rxd1 Qb3 24. Qxb3 cxb3 25. Bxb7 Nxb7 26. Rd7 Bd8 27. Kf1 Na5 28. Bc5 Re8 29. f4 Nc4 30. Na4 f6 31. Rd4 Ne3+ 32. Kf2 Nd5 33. Ke2 g5 34. g3 Kf7 35. Kd3 Rg8 36. fxg5 fxe5 37. Re4 Bxg5 38. Rxe5 Bf6 39. Re2 Rb8 40. Kc4 Rb5 41. Rf2 Kg6 42. Re2 Kf7 43. Bd4 Nb6+ 44. Nxb6 Bxd4 45. Na4 e5 46. Nc3 Rb6 47. Nd5 Rb7 48. Re1 a5 49. Re2 c6 50. Nc3 Ke6 51. Ne4 Rf7 52. Kxb3 Rf1 53. Ka4 Kd5 54. Kxa5 Rb1 55. b4 Rb3 56. Ka4 Rb1 57. Nf6+ Kc4 58. Re4 Kd3 59. Rh4 Rf1 60. Rxh6 e4 61. Nxe4 Kxe4 62. Rxc6 Kd5 63. Rh6 Ra1 64. Rh5+ Kc4 65. Rh4 Kc3 66. Rf4 Ra2 67. h3 Rh2 68. h4 Be5 69. Rf3+ Kc4 70. Re3 Kd4 71. Re1 Bxg3 72. Rd1+ Kc4 73. Rc1+ Kd5 74. Rd1+ Kc6 75. Rc1+ Kb7 76. Rg1 Bxh4 77. Rg7+ Kb6 78. Rh7 Bg3 79. Rxh2 Bxh2 80. Kb3 Bd6 81. Kc4 Be7 82. a4 Bxb4 83. Kxb4 Ka7 84. a5 Ka8 85. a6 Ka7 86. Ka4 Kxa6 1/2-1/2